000 00266nam a2200097Ia 4500
001 1206315
005 20251009145805.0
008 250824s9999 xx 000 0 und d
245 0 _aFELATUN BEY İLE RAKIM EFENDİ
_cAHMET MİTHAT EFENDİ
260 _bPANAMA YAYINLARI
999 _c1206315
_d1206315